[Event "Robecchetto op-B 26th"]
[Site "Robecchetto"]
[Date "2015.07.26"]
[Round "4"]
[White "Pivari, Flavio"]
[Black "Macchiettini, Pierangelo"]
[Result "1/2-1/2"]
[WhiteElo "1481"]
[BlackElo "1697"]
[PlyCount "68"]
[EventDate "2015.07.24"]
[EventType "swiss"]
[EventRounds "5"]
[EventCountry "ITA"]
[SourceTitle "EXT 2023"]
[Source "ChessBase"]
[SourceDate "2022.10.05"]
[SourceVersion "1"]
[SourceVersionDate "2022.10.05"]
[SourceQuality "1"]

1. e4 c5 2. Nf3 d6 3. d4 cxd4 4. Nxd4 Nf6 5. Nc3 a6 6. Bg5 e6 7. f4 Nbd7 8. Qf3 Qc7 9. 0-0-0 b5 10. Bd3 Bb7 11. Qh3 Be7 12. Kb1 b4 13. Nd5 exd5 14. Bxf6 Bxf6 15. e5 dxe5 16. fxe5 Nxe5 17. Rhe1 Bc8 18. Qf3 0-0 19. Qg3 Qd8 20. Rxe5 Bxe5 21. Qxe5 Re8 22. Qh5 g6 23. Qf3 Qg5 24. Rf1 Ra7 25. Nc6 Rc7 26. Nxb4 Rce7 27. a3 Re1+ 28. Rxe1 Rxe1+ 29. Ka2 a5 30. Nc6 a4 31. Bb5 Re3 32. h4 Rxf3 33. hxg5 Re3 34. Bxa4 Bd7 1/2-1/2

[Event "Robecchetto op-B 26th"]
[Site "Robecchetto"]
[Date "2015.07.24"]
[Round "1"]
[White "Pivari, Flavio"]
[Black "Cecchini, Massimo S"]
[Result "1-0"]
[WhiteElo "1481"]
[BlackElo "1732"]
[PlyCount "57"]
[EventDate "2015.07.24"]
[EventType "swiss"]
[EventRounds "5"]
[EventCountry "ITA"]
[SourceTitle "EXT 2023"]
[Source "ChessBase"]
[SourceDate "2022.10.05"]
[SourceVersion "1"]
[SourceVersionDate "2022.10.05"]
[SourceQuality "1"]

1. e4 c6 2. d4 d5 3. Nd2 dxe4 4. Nxe4 Bf5 5. Nc5 Qc7 6. c3 e6 7. Nd3 Bd6 8. Nf3 Nd7 9. Be3 Ngf6 10. Be2 Ng4 11. Nfe5 Ngxe5 12. Nxe5 Nxe5 13. dxe5 Bxe5 14. Bg4 Be4 15. Bh3 Bxh2 16. Qg4 0-0-0 17. Qxe4 Rd5 18. f4 Bg3+ 19. Ke2 g6 20. Kf3 f5 21. Qxe6+ Kb8 22. Kxg3 Rd6 23. Qe5 Rhd8 24. a4 Ka8 25. Kh2 Qf7 26. a5 Rd5 27. Rad1 Rxd1 28. Rxd1 Rxd1 29. Qh8+ 1-0

[Event "Robecchetto op-C 25th"]
[Site "Robecchetto"]
[Date "2014.12.26"]
[Round "1"]
[White "Nava, Mario"]
[Black "Pivari, Flavio"]
[Result "1-0"]
[WhiteElo "1241"]
[BlackElo "1476"]
[PlyCount "97"]
[EventDate "2014.12.26"]
[EventType "swiss"]
[EventRounds "6"]
[EventCountry "ITA"]
[SourceTitle "EXT 2024"]
[Source "ChessBase"]
[SourceDate "2023.10.10"]
[SourceVersion "1"]
[SourceVersionDate "2023.10.10"]
[SourceQuality "1"]

1. Nf3 Nf6 2. c4 e6 3. Nc3 c6 4. e4 d5 5. exd5 exd5 6. cxd5 Nxd5 7. d4 Bb4 8. Bd2 Bg4 9. Be2 0-0 10. 0-0 Nd7 11. Nxd5 Bxd2 12. Qxd2 cxd5 13. Rfe1 Re8 14. h3 Bxf3 15. Bxf3 Nf6 16. Rxe8+ Qxe8 17. Re1 Qc6 18. Re7 h6 19. Qb4 b6 20. Kh2 a5 21. Qe1 Rc8 22. Re2 Kh7 23. Qd2 Qd6+ 24. g3 Rc7 25. Qd3+ g6 26. h4 Kg7 27. Re5 Qd7 28. Kg2 b5 29. a3 b4 30. axb4 axb4 31. Qb3 Rc4 32. Rxd5 Nxd5 33. Qxc4 Ne7 34. Qxb4 Nf5 35. d5 Qc7 36. Qc3+ Qxc3 37. bxc3 Kf6 38. Be4 Nd6 39. Kf3 Ke5 40. Bc2 Kxd5 41. Bb3+ Kc5 42. Kf4 f6 43. f3 Nb5 44. Bf7 g5+ 45. hxg5 hxg5+ 46. Kf5 Nxc3 47. g4 Nd5 48. Bxd5 Kxd5 49. Kxf6 1-0

[Event "Robecchetto op-C 24th"]
[Site "Robecchetto"]
[Date "2013.12.27"]
[Round "1"]
[White "Pivari, Flavio"]
[Black "Orlandi, Paolo"]
[Result "1/2-1/2"]
[WhiteElo "1464"]
[BlackElo "1659"]
[PlyCount "60"]
[EventDate "2013.12.27"]
[EventType "swiss"]
[EventRounds "6"]
[EventCountry "ITA"]
[SourceTitle "EXT 2023"]
[Source "ChessBase"]
[SourceDate "2022.10.05"]
[SourceVersion "1"]
[SourceVersionDate "2022.10.05"]
[SourceQuality "1"]

1. e4 d6 2. d4 Nf6 3. Nc3 g6 4. Be2 Bg7 5. h4 c5 6. d5 h5 7. Nh3 Qa5 8. Ng5 a6 9. Qd3 Nfd7 10. Nf3 Ne5 11. Nxe5 Bxe5 12. Bd2 Qc7 13. f4 Bd4 14. Be3 Bg7 15. Qd2 b5 16. 0-0-0 b4 17. Nb1 Nd7 18. Rhf1 c4 19. Bd4 Nf6 20. e5 dxe5 21. Bxe5 Qa5 22. Bxc4 Bg4 23. d6 Rd8 24. Be2 Bxe2 25. Qxe2 Qxa2 26. dxe7 Rc8 27. Qd3 Qc4 28. Bxf6 Qxd3 29. Rxd3 Bxf6 30. Rfd1 Bxe7 1/2-1/2